000
00500nam a2200169Ia 4500
008
090711s9999 xx 000 0 und d
082
_b
53673
100
_a
वडगावकर निवgत्ती
245
_a
फेर - फटका
260
_c
1985
300
_a
146
600
_a
वडगावकर निवgत्ती
630
_a
फेर - फटका
700
_a
वडगावकर निवgत्ती
730
_a
फेर - फटका
942
_c
BOOK
999
_c
296227
_d
296227